000 00510nam a22001577a 4500
003 macl
005 20200318134449.0
008 170328b xxu||||| |||| 00| 0 eng d
040 _cmacl
082 _a385
100 _aKumar,Suchit
_966887
245 _aरेलवे भर्ती बोर्ड परीक्षा हेतु रेलवे सामान्‍य विज्ञान1992-2019
260 _aPatna
_bSpeedy publication
_c2019
650 _aRelway
_966888
942 _2ddc
_cHIN
999 _c62450
_d62450